000 00326 a2200157 4500
001 188342
020 _a978-85-7635-409-3
040 _cMagnum
100 _aQueiros, Bartolomeu Campos
240 1 0 _aAnacleto
_lpor
245 1 0 _aAnacleto
300 _a30
362 0 _a2008
697 _aLITERATURA INFANTIL
942 _cBK
999 _c188342
_d188342